=LDR 00000nam 2200000 4500 =001 000491 =005 20250710100536 =035 ##$$a 0010-0725000353 =007 ta =008 250710################a##########0#ind## =020 ##$$a 978-623-118-824-3 =082 ##$$a 398.209 598 =084 ##$$a 398.209 598 WID b =100 #$$a Widyatuti, Efitri =245 1#$$a Bukan Kalah atau Menang /$c Efitri Widyatuti =250 ##$$a Cetakan Pertama =260 ##$$a Jakarta :$b Kementerian Pendidikan, Kebudayaan, Riset, dan Teknologi,$c 2024 =300 ##$$a 28 hlm. : $b ilus. ; $c 21 x 29,7 cm =650 #4$$a Cerita Anak-Indonesia =650 #4$$a Kesusatraan Anak =856 ##$$a TBM As Suhada =990 ##$$a TBM03840384